Význam nestátních aktérů v mezinárodních vztazích na příkladu moderního terorismu

Nový terorizmus ako príklad neštátneho aktéra v medzinárodných vzťahoch, ktorý zásadne zmenil obraz medzinárodných vzťahov.

Gespeichert in:
Bibliographische Detailangaben
1. Verfasser: Soběhartová, Radka
Format: Buchkapitel
Sprache:Tschechisch
Schlagworte:
Tags: Tag hinzufügen
Keine Tags, Fügen Sie das erste Tag hinzu!

MARC

LEADER 00000naa a2200000 4500
001 0211505
005 20220713130941.0
041 0 |a cze 
044 |a CZ 
245 1 0 |a Význam nestátních aktérů v mezinárodních vztazích na příkladu moderního terorismu  |c Radka Soběhartová 
520 |a Nový terorizmus ako príklad neštátneho aktéra v medzinárodných vzťahoch, ktorý zásadne zmenil obraz medzinárodných vzťahov. 
610 2 0 |a terorizmus 
610 2 0 |a vzťahy medzinárodné 
610 2 0 |a politika medzinárodná 
610 2 0 |a hospodárstvo svetové 
100 1 |a Soběhartová, Radka